Statistics for Countries with the Most Spanish-Speaking JetPunk Users

Click here to take the quiz!

General Stats

  • This quiz has been taken 17 times
  • The average score is 11 of 11

Answer Stats

%Country% Correct
34.07Spain
100%
16.07Mexico
100%
15.02Argentina
100%
8.67Colombia
100%
6.41Chile
100%
3.58United States
100%
3.56Peru
100%
1.14Venezuela
100%
1.79Ecuador
94%
1.51Uruguay
94%
1.22Costa Rica
88%

Score Distribution

Percentile by Number Answered

Percent of People with Each Score

Your Score History

You have not taken this quiz